00366nam a22001337a 450000500170000000800410001704100130005808200120007110000120008324500410009526000410013630000290017765000260020620240823065716.0240823b |||||||| |||| 00| 0 eng d aEnglish  a349 NAM lEnglish aThe Namibian Labour Law Publication  aWindhoek: bSDU Seminars CC, c1993  bxv, 235 pages; c25 cm.  aLegal practice bLaw